|
|
|
|
| LEADER |
00000cam a2200000 7i4500 |
| 001 |
0000005735 |
| 005 |
20151222.0 |
| 008 |
070809 |
| 020 |
|
|
|a 9679389898 (set)
|
| 020 |
|
|
|a 9679389944
|
| 090 |
0 |
0 |
|a JF
|b SC ENG (7097)
|
| 100 |
0 |
|
|a Kumara Velu
|
| 245 |
1 |
4 |
|a The M_Adu virus
|c Kumara Velu
|
| 260 |
|
|
|a Selangor :
|b Sama Publications ,
|c 2005
|
| 440 |
|
0 |
|a Explore science fiction series
|
| 500 |
|
|
|a Children ages 7-9 years old (orange)
|
| 650 |
|
0 |
|a Junior fiction
|x English
|x Languages
|
| 650 |
|
0 |
|a Science fiction
|
| 999 |
|
|
|a 0000917800
|b Book
|c Children Collection
|e Cawangan Bukit Gambir
|
| 999 |
|
|
|a 0000917801
|b Book
|c Children Collection
|e Cawangan Bukit Gambir
|
| 999 |
|
|
|a 0000927360
|b Book
|c Children Collection
|e Cawangan Tangkak
|
| 999 |
|
|
|a 0000927361
|b Book
|c Children Collection
|e Cawangan Tangkak
|
| 999 |
|
|
|a 0000927362
|b Book
|c Children Collection
|e Cawangan Tangkak
|
| 999 |
|
|
|a 0000980292
|b Book
|c Children Collection
|e Cawangan Tmn. Ungku Tun Aminah
|
| 999 |
|
|
|a 0000980293
|b Book
|c Children Collection
|e Cawangan Mersing
|
| 999 |
|
|
|a 0000980295
|b Book
|c Children Collection
|e Perbadanan Perpustakaan Awam Johor
|